000
00203 a2200097 4500
001
41131
100
_a
Green W
245
_a
Rocket Fighter
260
_a
Ballan
_b
Time books In
_c
090
_c
25357
_d
25357
942
_a
NUST-CAE
_c
M
_c
17066
999
_c
276204
_d
276204